| 000 | 00553nmm a2200217 a 4500 | ||
|---|---|---|---|
| 003 | AR-BaBNM | ||
| 005 | 20251128211327.0 | ||
| 008 | 224020s1973 ||||||||||||||000 | spa|| | ||
| 040 | _cAR-BaBNM | ||
| 100 | 1 |
_aFilloy, Juan _d1894-2000 |
|
| 245 | 1 | 0 |
_aUsaland _bpoemas made in USA |
| 260 |
_aRío Cuarto _bMacció _c1973 |
||
| 300 | _a143 p. | ||
| 500 | _aEjemplar con dedicatoria del autor | ||
| 650 | 4 | _aLITERATURA ARGENTINA | |
| 650 | 4 | _aLITERATURA CONTEMPORANEA | |
| 650 | 4 | _aPOESIA | |
| 655 | _aLITERATURA | ||
| 942 | _cBK | ||
| 998 | _cLaura | ||
| 999 |
_c19183 _d19183 |
||